Núcleos y partículas: introducción a la física nuclear y subnuclear

Shranjeno v:
Bibliografske podrobnosti
Glavni avtor: Segré, Emilio (Author)
Format: Knjiga
Jezik:španščina
Izdano: Barcelona Reverté 1972
Teme:
Oznake: Označite
Brez oznak, prvi označite!

MARC

LEADER 00000nam a2200000 a 4500
001 UCX2620
003 CL-VaPUC
008 910712e19720000SP |||||||||||||||||spa|d
082 0 4 |a 539.7  |b SEG  |2 21 
100 0 |a Segré, Emilio  |e author  |9 318624 
245 1 0 |a Núcleos y partículas: introducción a la física nuclear y subnuclear 
300 |a 846 p 
942 |c BK 
945 |d 19910712 00:00:00 
260 |a Barcelona  |b Reverté  |c 1972 
650 7 |a FISICA NUCLEAR  |2 CL-VaPUC  |9 270366 
650 7 |a PARTICULAS FISICA NUCLEAR  |2 CL-VaPUC  |9 316637 
583 |a last modification  |c 19910712 00:00:00  |k Rodrigo Vera 
999 |c 223602  |d 223600 
952 |0 0  |1 0  |4 0  |6 539_700000000000000_SEG_1972  |7 0  |8 A  |9 219571  |a BIBCUR  |b BIBCUR  |d 2019-11-15  |i 1747487  |o 539.7 SEG 1972  |p 1747487  |r 2025-04-22  |w 2019-11-15  |y BK  |k BCB